[Event "3. Marx György Chess Memorial"]
[Site "Paks HUN"]
[Date "2005.06.12"]
[Round "1.2"]
[White "Sasikiran, Krishnan"]
[Black "Korchnoi, Viktor"]
[Result "1/2-1/2"]
[WhiteElo "2642"]
[BlackElo "2619"]
[PlyCount "102"]
[EventDate "2005.06.12"]
[EventType "tourn"]
[EventRounds "10"]
[EventCountry "HUN"]
[Source "lmi"]
[SourceDate "2005.06.21"]

1. d4 Nf6 2. c4 e6 3. Nc3 Bb4 4. Qc2 d6 5. Bg5 c5 6. dxc5 dxc5 7. e3 h6 8. Bh4
Nc6 9. Nge2 e5 10. a3 Ba5 11. Rd1 Qe7 12. Bxf6 Qxf6 13. Ng3 O-O 14. Be2 Qh4 15.
O-O f5 16. Nb5 Qe7 17. Nd6 g6 18. Nxc8 Raxc8 19. Rd5 Rcd8 20. Rfd1 e4 21. Bf1
Bc7 22. Ne2 Be5 23. Nc3 h5 24. Rxd8 Rxd8 25. Nd5 Qd6 26. g3 h4 27. Kg2 hxg3 28.
hxg3 Kg7 29. Be2 Qe6 30. b4 Rh8 31. Kg1 g5 32. Bf1 cxb4 33. axb4 Bb8 34. Bg2
Ne5 35. Qc3 Kf7 36. Kf1 Rc8 37. c5 Rd8 38. Qb3 a6 39. Ke1 Kf8 40. Qc3 Nd3+ 41.
Rxd3 exd3 42. Qxd3 Be5 43. Kf1 Qf7 44. Kg1 Bg7 45. e4 fxe4 46. Bxe4 Rd7 47. Kg2
Qe6 48. Qf3+ Rf7 49. Qd3 Rd7 50. Qf3+ Rf7 51. Qd3 Rd7 1/2-1/2